Finish the Christmas Song's Lyrics - Statistics

General Stats
  • This quiz has been taken 133 times
  • The average score is 8 of 20
Answer Stats
Quote Answer % Correct
"Dashing through the ___, in a one-horse open sleigh" Snow
99%
"Frosty the ___ was a jolly happy soul" Snowman
98%
"On the first day of Christmas my true love gave to me: a ___ in a pear tree" Partridge
67%
"Sleigh bells ring, are you ___ tonight?" Coming
56%
"You better watch out, Santa Claus is ___ to town" Coming
56%
"Chestnuts roasting on an open ___, Jack Frost nipping at your nose" Fire
52%
"Hark the herald angels ___, glory to the newborn King" Sing
52%
"O little town of ___, how still we see thee lie" Bethlehem
48%
"O holy ___, the stars are brightly shining" Night
46%
"Peace on ___, and mercy mild" Earth
43%
"City sidewalks, busy sidewalks, dressed in holiday ___" Cheer
35%
"Silent night, holy night, all is ___, all is calm" Bright
32%
"We three kings of ___ are bearing gifts we traverse afar" Orient
27%
"Should old acquaintance be ___, for the sake of auld lang syne" Forgot
25%
"Said the night wind to the little lamb, 'Do you see what I ___?'" Hear
25%
"I just want you for my ___, more than you could ever know" Christmas
15%
"Toys in the attic and the kids are ___" Singing
3%
"Come they told me, pa rum ___, a new born King to see" Dum
2%
"Just hear those sleigh bells jingling, ring-ting-tingling too, come on it's ___" Fun
2%
"You better watch out, you better not ___, better not cry, I'm telling you why" Sneak
1%
No matching quizzes found
Score Distribution
Percent of People with Each Score
Percentile by Number Answered
Your Score History
You have not taken this quiz